000 01094nam a2200217 a 4500
001 000083300
003 AM-YEHGA
005 20250617163955.0
008 000503s1962 ru |||||||||||||||||rus d
020 _c4.00
040 _aAM-YeHGA
100 1 _aФридберг, Михаил Хацкелевич
245 1 0 _aГрамматика немецкого языка :
_bОпределение : Пособие для заочников /
_cМ.Х. Фридберг ; Отв. ред. Л.И. Левинсон.
260 _aЛ. :
_bЛГУ ,
_c1962.
300 _a33 с.
550 _aЛенинградский гос. ун-т им. А.А. Жданова. Отд. вечернего и заочного обучения, Кафедра немецкого языка
650 4 _aНемецкий язык - Грамматика
700 1 _aЛевинсон, Л.И.
_4edt
710 2 _aЛенинградский гос. ун-т им. А.А. Жданова. Отд. вечернего и заочного обучения, Кафедра немецкого языка
090 _c519285
999 _c515744
_d515744